<?xml version="1.0" encoding="UTF-8"?>
<record
    xmlns:xsi="http://www.w3.org/2001/XMLSchema-instance"
    xsi:schemaLocation="http://www.loc.gov/MARC21/slim http://www.loc.gov/standards/marcxml/schema/MARC21slim.xsd"
    xmlns="http://www.loc.gov/MARC21/slim">

  <leader>01550nam a2200229 a 4500</leader>
  <controlfield tag="003">DO-SdBNP</controlfield>
  <controlfield tag="005">20220929094642.0</controlfield>
  <controlfield tag="007">ta</controlfield>
  <controlfield tag="008">220920e2017    dr ao||gr||||o001 0 spa d</controlfield>
  <datafield tag="040" ind1=" " ind2=" ">
    <subfield code="a">DO-SdBNP</subfield>
    <subfield code="b">spa</subfield>
    <subfield code="c">BNPHU</subfield>
  </datafield>
  <datafield tag="082" ind1=" " ind2="4">
    <subfield code="2">22</subfield>
    <subfield code="b">M321r</subfield>
  </datafield>
  <datafield tag="245" ind1=" " ind2=" ">
    <subfield code="a">Marco regulatorio para el fortalecimiento de la conservaci&#xF3;n de la biodiversidad costera marina y el turismo sostenible:</subfield>
  </datafield>
  <datafield tag="260" ind1=" " ind2=" ">
    <subfield code="a">Santo Domingo :</subfield>
    <subfield code="b">Ministerio de Medio Ambiente y Recursos Naturales,</subfield>
    <subfield code="c">[2017]</subfield>
  </datafield>
  <datafield tag="300" ind1=" " ind2=" ">
    <subfield code="a">[43] p. :</subfield>
    <subfield code="b">il., fotogr. ;</subfield>
    <subfield code="c">28 cm.</subfield>
  </datafield>
  <datafield tag="505" ind1=" " ind2=" ">
    <subfield code="a">Presentaci&#xF3;n.</subfield>
    <subfield code="g">Secci&#xF3;n I</subfield>
    <subfield code="t">Propuestas de Modificaci&#xF3;n de Regulaciones Existentes.--</subfield>
    <subfield code="t">Propuestas de Creaci&#xF3;n de nuevas regulaciones.--</subfield>
    <subfield code="t">Recomendaciones finales.--</subfield>
    <subfield code="g">Anexo I</subfield>
    <subfield code="t">Borrador Pol&#xED;tica Nacional de Turismo sostenible en Zonas Costero Marinas.--</subfield>
    <subfield code="g">Anexo II</subfield>
    <subfield code="t">Fortalezas, Oportunidades, Debilidades y Amenazas.--</subfield>
    <subfield code="t">Ejes Estrat&#xE9;gicos.--</subfield>
    <subfield code="t">Ejes Estrat&#xE9;gicos 1: Marco Legal e Institucional Adecuado.--</subfield>
    <subfield code="t">Ejes Estrat&#xE9;gicos 2: Sostenibilidad del Turismo </subfield>
    <subfield code="t">Ejes Estrat&#xE9;gicos 3: Conservaci&#xF3;n de la Biodiversidad Costera Marina.</subfield>
    <subfield code="t">Ejes Estrat&#xE9;gicos 4: Inversi&#xF3;n y Competitividad.--</subfield>
    <subfield code="t">Ejes Estrat&#xE9;gicos 5: Mercadeo Estrat&#xE9;gico.--</subfield>
    <subfield code="t">Cuadro de Acciones.--</subfield>
    <subfield code="t">&#xCD;ndice de tablas.--</subfield>
    <subfield code="t">&#xCD;ndice de figuras.--</subfield>
  </datafield>
  <datafield tag="590" ind1=" " ind2=" ">
    <subfield code="a">Inventariado 2022 / MF</subfield>
  </datafield>
  <datafield tag="650" ind1=" " ind2="4">
    <subfield code="9">80852</subfield>
    <subfield code="a">Turismo sostenible</subfield>
    <subfield code="x"> Aspectos econ&#xF3;micos </subfield>
    <subfield code="z">Rep&#xFA;blica Dominicana</subfield>
  </datafield>
  <datafield tag="650" ind1=" " ind2="4">
    <subfield code="9">82041</subfield>
    <subfield code="a">Conservaci&#xF3;n de la biodiversidad </subfield>
    <subfield code="v">Rep&#xFA;blica Dominicana</subfield>
  </datafield>
  <datafield tag="710" ind1="2" ind2=" ">
    <subfield code="9">65034</subfield>
    <subfield code="a">Proyecto Biodiversidad Costera y Turismo</subfield>
  </datafield>
  <datafield tag="910" ind1=" " ind2=" ">
    <subfield code="a">Mfeliz</subfield>
  </datafield>
  <datafield tag="942" ind1=" " ind2=" ">
    <subfield code="2">ddc</subfield>
    <subfield code="c">LF2</subfield>
  </datafield>
  <datafield tag="952" ind1=" " ind2=" ">
    <subfield code="0">0</subfield>
    <subfield code="1">0</subfield>
    <subfield code="2">ddc</subfield>
    <subfield code="5">1</subfield>
    <subfield code="7">0</subfield>
    <subfield code="8">PD</subfield>
    <subfield code="a">BNPHU</subfield>
    <subfield code="b">BNPHU</subfield>
    <subfield code="c">CT</subfield>
    <subfield code="d">2020-11-23</subfield>
    <subfield code="e">Dep&#xF3;sito legal / Editora B&#xFA;ho</subfield>
    <subfield code="l">0</subfield>
    <subfield code="o">M321r</subfield>
    <subfield code="p">2022-4002</subfield>
    <subfield code="r">2022-09-20</subfield>
    <subfield code="w">2022-09-20</subfield>
    <subfield code="y">LBS1</subfield>
  </datafield>
  <datafield tag="952" ind1=" " ind2=" ">
    <subfield code="0">0</subfield>
    <subfield code="1">0</subfield>
    <subfield code="2">ddc</subfield>
    <subfield code="5">1</subfield>
    <subfield code="7">0</subfield>
    <subfield code="8">PD</subfield>
    <subfield code="a">BNPHU</subfield>
    <subfield code="b">BNPHU</subfield>
    <subfield code="c">CT</subfield>
    <subfield code="d">2020-11-23</subfield>
    <subfield code="e">Dep&#xF3;sito legal / Editora B&#xFA;ho</subfield>
    <subfield code="l">0</subfield>
    <subfield code="o">M321r</subfield>
    <subfield code="p">2022-4003</subfield>
    <subfield code="r">2022-09-20</subfield>
    <subfield code="t">e.2</subfield>
    <subfield code="w">2022-09-20</subfield>
    <subfield code="y">LBS1</subfield>
  </datafield>
  <datafield tag="952" ind1=" " ind2=" ">
    <subfield code="0">0</subfield>
    <subfield code="1">0</subfield>
    <subfield code="2">ddc</subfield>
    <subfield code="5">1</subfield>
    <subfield code="7">0</subfield>
    <subfield code="8">PD</subfield>
    <subfield code="a">BNPHU</subfield>
    <subfield code="b">BNPHU</subfield>
    <subfield code="c">CT</subfield>
    <subfield code="d">2020-11-23</subfield>
    <subfield code="e">Dep&#xF3;sito legal / Editora B&#xFA;ho</subfield>
    <subfield code="o">M321r</subfield>
    <subfield code="p">2022-4004</subfield>
    <subfield code="r">2022-09-20</subfield>
    <subfield code="t">e.3</subfield>
    <subfield code="w">2022-09-20</subfield>
    <subfield code="y">LBS1</subfield>
  </datafield>
  <datafield tag="999" ind1=" " ind2=" ">
    <subfield code="c">52432</subfield>
    <subfield code="d">52432</subfield>
  </datafield>
</record>
